| 000 | 00547nam a2200205 a 4500 | ||
|---|---|---|---|
| 001 | 157563 | ||
| 003 | OSt | ||
| 005 | 20211227124551.0 | ||
| 008 | 200515 ### ENG | ||
| 020 | _a9781468464962 | ||
| 082 |
_a629.8312 _bK83N |
||
| 100 | _aKolk, W Richard | ||
| 245 |
_aNonlinear system dynamics _cby W Richard Kolk and Robert A Lerman |
||
| 260 |
_aNew York _bSpringer _c1989 |
||
| 300 | _ax, 350p. | ||
| 653 | _aNonlinear control theory | ||
| 653 | _aComputer engineering | ||
| 700 | _aLerman, Robert A | ||
| 942 |
_2ddc _cBK |
||
| 999 |
_c19913 _d19913 |
||